00327nam a2200121Ia 4500008004100000041000800041082001600049100002000065245004500085260003700130300003100167365000700198240624s9999 xx 000 0 und d aeng a005.133 QUI aQUINN MICHAEL J aPARALLEL PROGRAMMING IN C WITH MPI AND O c2005aNew DelhibTata McGrawhill axiv, : 529 : p. : cm. ; 24 cRS